Vybrané problémy finančného manažmentu

Na minha lista:
Detalhes bibliográficos
Autor principal: Šulajová, Irena
Autor Corporativo: Vysoká škola ekonomická v Bratislave. Fakulta ekonomiky služieb a cestovného ruchu v Banskej Bystrici
Formato: Livro
Idioma:eslovaco
Publicado em: Bratislava VŠE 1992
Edição:1. vyd.
Assuntos:
Tags: Adicionar Tag
Sem tags, seja o primeiro a adicionar uma tag!

MARC

LEADER 00000nam a2200000 4500
001 c001184
005 20221214090927.3
020 |a 80-225-0382-7 
041 0 |a slo 
044 |a SK 
245 1 0 |a Vybrané problémy finančného manažmentu  |c Irena Šulajová a kol. 
250 |a 1. vyd. 
264 1 |a Bratislava  |b VŠE  |c 1992 
300 |a 172 s. 
610 2 0 |a manažment 
610 2 0 |a financovanie podnikov 
610 2 0 |a riadenie podnikové 
610 2 0 |a podnik malý 
610 2 0 |a podnik stredný 
610 2 0 |a podnikanie 
610 2 0 |a investície 
100 1 |a Šulajová, Irena 
710 2 |a Vysoká škola ekonomická v Bratislave. Fakulta ekonomiky služieb a cestovného ruchu v Banskej Bystrici